000 01073nas a2200373 4500
001 BR2015002098
003 BR-BrBNA
005 20231205125212.0
007 ta
008 230509b bl.|||p| |||| 00| 00por d
040 _aBR-BrBNA
_bpor
_cBiblioteca Nacional de Agricultura
041 _a(Pt)
072 _aP06
100 1 _aRosseto, R.E.
100 1 _aSantos, R.F.
100 1 _aBassegio, D.
100 1 _aSecco, D.
100 1 _aSouza, S.N.M. de
100 1 _aChaves, L.I
100 1 _aFornasari, C.H.
245 1 _aEfeito da secagem na extração de óleos em plantas com potencial energético
650 _aMAMONA
650 _aÓLEO
650 _aSOJA
650 _aAMENDOIM
650 _aSECAGEM
650 _aEXTRAÇÃO
650 _aETANOL
650 _aCOMPOSIÇÃO QUÍMICA
773 0 _tActa Iguazu (Brazil)
_xISSN 2316-4093
_g(2012), v. 1(1) p. 69-77
_wBR2015002098
856 4 0 _uhttp://e-revista.unioeste.br/index.php/actaiguazu/article/download/7031/5183
909 _a202311
_bLúcia
_c55
_dLúcia Elande
942 _2AGRIS
_n0
_cANA
999 _c243182
_d243182